000 00269nam a2200121Ia 4500
008 170620s9999 xx 000 0 und d
100 _aGUYTON / HALL
245 0 _aMEDICAL PHYSIOLOGY
260 _bSUNDERS
260 _c2006
300 _a1116
546 _aEnglish
690 _aMEDICAL PHYSIOLOGY
999 _c30739
_d30739